مسالك الكشف عن مقاصد الشريعة : دراسة تحليلية نقدية /
Saved in:
| 主要作者: | |
|---|---|
| 其他作者: | |
| 格式: | Thesis |
| 语言: | Arabic |
| 出版: |
Gombak, Selangor :
al-Jami'ah al-Islamiyah al-'Alamiyah Maliziya,
2000
|
| 主题: | |
| 在线阅读: | http://studentrepo.iium.edu.my/handle/123456789/9151 |
| 标签: |
添加标签
没有标签, 成为第一个标记此记录!
|
| LEADER | 016140000a22003490004500 | ||
|---|---|---|---|
| 001 | 192958 | ||
| 005 | 20230713062752.0 | ||
| 008 | 040203s2000 my g 000 0dara d | ||
| 035 | |a (Sirsi) 192958 | ||
| 040 | |a UIAM |b eng | ||
| 041 | 0 | |a ara | |
| 050 | 0 | 0 | |a BP144.4 |
| 100 | 1 | |a عودة، عفاف أحمد خليل |9 114379 | |
| 242 | 1 | 0 | |a Masalik al-kashf 'an maqasid al-shari'ah : dirasah tahliliyah naqdiyah |
| 245 | 1 | 0 | |a مسالك الكشف عن مقاصد الشريعة : دراسة تحليلية نقدية / |c اعداد عفاف أحمد خليل عودة |
| 260 | |a Gombak, Selangor : |b al-Jami'ah al-Islamiyah al-'Alamiyah Maliziya, |c 2000 | ||
| 300 | |a 118 leaves ; |c 30 cm. | ||
| 336 | |2 rdacontent | ||
| 337 | |2 rdamedia | ||
| 338 | |2 rdacarrier | ||
| 500 | |a Abstract in English and Arabic | ||
| 500 | |a "بحث تكميلى مقدم لنيل درجة الماجستير فى علوم الوحى والتراث" | ||
| 502 | |a Thesis (MIRKH)--International Islamic University Malaysia, 2000 | ||
| 650 | 0 | |a Islamic law |x Criticism, interpretation, etc |9 5030 | |
| 655 | 0 | 7 | |a Theses, IIUM local |
| 700 | 1 | |a 'Awdah, 'Affaf Ahmad Khalil |9 114380 | |
| 856 | 4 | |u http://studentrepo.iium.edu.my/handle/123456789/9151 | |
| 900 | |a ami-rmb | ||
| 942 | |2 lcc |n 0 | ||
| 999 | |c 431481 |d 462972 | ||
| 952 | |0 0 |6 T BP 144.4 A966M 2000 |7 0 |8 THESES |9 751322 |a IIUM |b IIUM |c MULTIMEDIA |g 0.00 |o t BP 144.4 A966M 2000 |p 00011284549 |r 2017-10-17 |t 2 |v 0.00 |y THESIS | ||
| 952 | |0 0 |6 LU T BP 144.4 A966M 2000 |7 0 |8 THESES |9 751323 |a IIUM |b IIUM |c CLOSEACCES |g 0.00 |o lu t BP 144.4 A966M 2000 |p 00000622949 |r 2017-10-24 |t 1 |v 0.00 |y THESIS | ||
